000 00603nam a2200181Ia 4500
008 090630s9999 xx 000 0 und d
082 _b15022
100 _aनाईक गुरुनाथ.
245 _aशांतीवाला.
_cनाईक गुरुनाथ.
260 _bबांदोडकर - गोवा.
_c1984
300 _a254
600 _aनाईक गुरुनाथ.
630 _aशांतीवाला.
655 _aकादंबरी.
700 _aनाईक गुरुनाथ.
730 _aशांतीवाला.
942 _cBOOK
999 _c266878
_d266878